The whale road / (Record no. 23790)

MARC details
000 -LEADER
fixed length control field 02850nam a22003611 4500
005 - DATE AND TIME OF LATEST TRANSACTION
control field 20050808122104.0
008 - FIXED-LENGTH DATA ELEMENTS--GENERAL INFORMATION
fixed length control field 721219s1962 nyu 000 0 eng
010 ## - LCCN (DPL NO)
LC control number B-346928-938
020 ## - INTERNATIONAL STANDARD BOOK NUMBER
International Standard Book Number 9780007215300
Terms of availability 295.00
020 ## - INTERNATIONAL STANDARD BOOK NUMBER
International Standard Book Number 9780007215300
Terms of availability 295.00
035 ## - SYSTEM CONTROL NUMBER
System control number B-346928-938
037 ## - SOURCE OF ACQUISITION
Source of stock number/acquisition Aakar Books
040 ## - CATALOGING SOURCE
Original cataloging agency dpl
Language of cataloging English
082 ## - DEWEY DECIMAL CLASSIFICATION NUMBER
Classification number N
100 ## - MAIN ENTRY--PERSONAL NAME
Personal name Low, Robert
245 ## - TITLE STATEMENT
Title The whale road /
Statement of responsibility, etc by Robert Low
260 ## - PUBLICATION, DISTRIBUTION, ETC. (IMPRINT)
Place of publication, distribution, etc London
Name of publisher, distributor, etc Harper-Collins Publishers
Date of publication, distribution, etc 2007
270 ## - ADDRESS
Address 77-85 Fullham Palace Road , Hammersmith
City London
Postal code W6 8JB
300 ## - PHYSICAL DESCRIPTION
Extent 355p
Dimensions 20 cm (pbk)
942 ## - ADDED ENTRY ELEMENTS (KOHA)
Source of classification or shelving scheme Dewey Decimal Classification
Item type English Books
Classification part N
Call number suffix LOW
Holdings
Withdrawn status Lost status Source of classification or shelving scheme Damaged status Not for loan Collection code Home library Current library Date acquired Source of acquisition Cost, normal purchase price Total Checkouts Total Renewals Full call number Barcode Date last seen Copy number Cost, replacement price Koha item type Public note
    Dewey Decimal Classification     Fiction Bawana Bawana 29/09/2009 Aakar Books / I-173 / 22.6.09 /18 /6.7.09 / 6.7.09 295.00 1 2 N LOW B-346936 11/10/2021 1 295.00 English Books  
    Dewey Decimal Classification     Fiction Central Library Central Library 29/09/2009 Aakar Books / I-173 / 22.6.09 /18 /6.7.09 / 6.7.09 295.00 1 2 N LOW B-346928 19/10/2022 1 295.00 English Books  
  Written-off vide DLB M. No. 383 dt 16.05.19 Dewey Decimal Classification     Fiction Janak Puri Janak Puri 29/09/2009 Aakar Books / I-173 / 22.6.09 /18 /6.7.09 / 6.7.09 295.00 5 1 N LOW B-346931 28/06/2018 1 295.00 English Books  
    Dewey Decimal Classification     Fiction Karol Bagh Karol Bagh 29/09/2009 Aakar Books / I-173 / 22.6.09 /18 /6.7.09 / 6.7.09 295.00     N LOW B-346934 29/09/2009 1 295.00 English Books  
Written off   Dewey Decimal Classification     Fiction Narela Narela 29/09/2009 Aakar Books / I-173 / 22.6.09 /18 /6.7.09 / 6.7.09 295.00     N LOW B-346935 29/09/2009 1 295.00 English Books Written off on approval by DLB (By Circulation); dtd 20.12.2022
    Dewey Decimal Classification     Fiction Patel Nagar Patel Nagar 29/09/2009 Aakar Books / I-173 / 22.6.09 /18 /6.7.09 / 6.7.09 295.00     N LOW B-346929 29/09/2009 1 295.00 English Books  
    Dewey Decimal Classification     Fiction Peshwa Road Peshwa Road 29/09/2009 Aakar Books / I-173 / 22.6.09 /18 /6.7.09 / 6.7.09 295.00     N LOW B-346930 29/09/2009 1 295.00 English Books  
    Dewey Decimal Classification     Fiction Sarojini Nagar Sarojini Nagar 29/09/2009 Aakar Books / I-173 / 22.6.09 /18 /6.7.09 / 6.7.09 295.00     N LOW B-346932 29/09/2009 1 295.00 English Books  
    Dewey Decimal Classification     Fiction Shahdara Branch Shahdara Branch 29/09/2009 Aakar Books / I-173 / 22.6.09 /18 /6.7.09 / 6.7.09 295.00     N LOW B-346937 29/09/2009 1 295.00 English Books  
    Dewey Decimal Classification     Fiction Vinoba Puri Vinoba Puri 29/09/2009 Aakar Books / I-173 / 22.6.09 /18 /6.7.09 / 6.7.09 295.00 5 1 N LOW B-346933 27/04/2024 1 295.00 English Books  
    Dewey Decimal Classification     Fiction Yojana Vihar Yojana Vihar 29/09/2009 Aakar Books / I-173 / 22.6.09 /18 /6.7.09 / 6.7.09 295.00 2 1 N LOW B-346938 15/06/2024 1 295.00 English Books  

© Delhi Public Library
Hit Counter
free hit counter